[Event "AUTO-ELITE-1731"]
[Site "http://www.queenalice.com/game.php?id=1440369"]
[Date "2016.9.9"]
[Round "1"]
[White "mandaragit"]
[Black "Dummer"]
[Result "1/2-1/2"]
[WhiteElo "2320"]
[BlackElo "2282"]

1. d4 Nf6 2. c4 c6 3. Nc3 d5 4. cxd5 cxd5 5. Bg5 e6 6. e3 Nbd7 7. Bd3 h6 8. Bh4
a6 9. Nge2 Bd6 10. Bg3 Qe7 11. O-O O-O 12. Rc1 b5 13. a4 b4 14. Nb1 a5 15. Nd2
Nb6 16. b3 Ba6 17. Bxa6 Rxa6 18. Rc6 Bxg3 19. Nxg3 Qd7 20. Qc2 Rc8 21. Rxc8+
Qxc8 22. Qxc8+ Nxc8 23. Rc1 Ne7 24. Rc7 Kf8 25. f3 Rc6 26. Rxc6 Nxc6 27. Ne2 Ke7
28. f4 Ng4 29. Nf1 f5 30. Nc1 g5 31. Ne2 Nf6 32. Nd2 Ng4 1/2-1/2

[Event "AUTO-ELITE-1731"]
[Site "http://www.queenalice.com/game.php?id=1440370"]
[Date "2016.9.9"]
[Round "1"]
[White "Dummer"]
[Black "vivafischer"]
[Result "0-1"]
[WhiteElo "2235"]
[BlackElo "2311"]

1. e4 e6 2. Qe2 c5 3. g3 Nc6 4. Bg2 Nge7 5. Nf3 g6 6. O-O Bg7 7. c3 O-O 8. Na3
d5 9. e5 f6 10. d4 cxd4 11. cxd4 fxe5 12. dxe5 a6 13. Bf4 Nf5 14. Nc2 Bd7 0-1

[Event "AUTO-ELITE-1731"]
[Site "http://www.queenalice.com/game.php?id=1440371"]
[Date "2016.9.9"]
[Round "1"]
[White "vivafischer"]
[Black "Dummer"]
[Result "0-1"]
[WhiteElo "2028"]
[BlackElo "2268"]

1. d4 Nf6 2. Nf3 d5 3. c4 c6 4. e3 Bg4 5. Nc3 e6 6. h3 Bh5 7. g4 Bg6 8. Ne5 dxc4
9. Bg2 Nbd7 10. Nxc4 h6 11. O-O Nb6 12. Ne5 Bh7 13. f4 Bd6 14. Qf3 O-O 15. e4
Bb4 16. g5 hxg5 17. Qd3 gxf4 18. Bxf4 c5 19. dxc5 Bxc5+ 20. Kh2 Nbd5 21. Nxd5
exd5 22. Qb5 Bd6 23. Kh1 Re8 24. Nxf7 Kxf7 25. Qxb7+ Re7 26. Qb3 Bxf4 27. Rxf4
Bxe4 28. Bxe4 Rxe4 29. Raf1 Rxf4 0-1

[Event "AUTO-OPEN-3703"]
[Site "http://www.queenalice.com/game.php?id=1440644"]
[Date "2016.9.11"]
[Round "1"]
[White "rl793"]
[Black "Dummer"]
[Result "0-1"]
[WhiteElo "2215"]
[BlackElo "2267"]

1. e4 e5 2. Nf3 f5 3. Nxe5 Qf6 4. d4 d6 5. Nc4 fxe4 6. Nc3 Qg6 7. Ne3 Nf6 8. Be2
c6 9. O-O Be7 10. f3 exf3 11. Bd3 Qh5 12. Rxf3 O-O 13. Nf5 Re8 14. Qe1 Bxf5 15.
Rxf5 Qf7 16. Qh4 d5 17. Bg5 Nbd7 18. Raf1 h6 19. Bf4 Qe6 20. Qg3 Kh8 21. a3 Ne4
22. Nxe4 dxe4 23. Be5 Nxe5 24. Rxe5 Qd6 25. Bxe4 Qxd4+ 26. Kh1 Bg5 27. Rxe8+
Rxe8 0-1

[Event "AUTO-OPEN-3703"]
[Site "http://www.queenalice.com/game.php?id=1440645"]
[Date "2016.9.11"]
[Round "1"]
[White "Dummer"]
[Black "rl793"]
[Result "1-0"]
[WhiteElo "2256"]
[BlackElo "2226"]

1. e4 d5 2. exd5 Qxd5 3. Nc3 Qa5 4. d4 Nf6 5. Nf3 c6 6. Bc4 Bf5 7. O-O Nbd7 8.
h3 e6 9. Nh4 Bg6 10. Nxg6 hxg6 11. Re1 O-O-O 12. Bf4 g5 13. Bg3 Nb6 14. Bb3 g4
15. hxg4 Qg5 16. Ne4 Nxe4 17. Rxe4 Bd6 18. f4 Qh6 19. g5 Qh7 20. Re1 Qf5 21. Qf3
Nd5 22. Bxd5 exd5 23. c3 Rde8 24. Kf2 Re4 25. Re3 Rhe8 26. Rae1 1-0

[Event "AUTO-OPEN-3703"]
[Site "http://www.queenalice.com/game.php?id=1440690"]
[Date "2016.9.11"]
[Round "1"]
[White "adriano1953"]
[Black "Dummer"]
[Result "0-1"]
[WhiteElo "1939"]
[BlackElo "2279"]

1. d4 Nf6 2. c4 e5 3. dxe5 Ng4 4. Nf3 Nc6 5. Bf4 Bb4+ 6. Bd2 Bxd2+ 7. Nbxd2 Qe7
8. e3 Ngxe5 9. Be2 O-O 10. O-O d6 11. Qc2 Bg4 12. h3 Nxf3+ 13. Nxf3 Bh5 14. a3
h6 15. Qf5 Bg6 16. Qd5 Rfe8 17. Bd1 Be4 18. Qb5 Ne5 19. Be2 a6 20. Qb4 Nxf3+ 21.
Bxf3 Bxf3 22. gxf3 Qh4 23. Kh2 c5 24. Qb6 Qxc4 25. Qxd6 Rad8 26. Qg3 Rd2 27. Rg1
g6 28. Rac1 Qb3 29. Qf4 Rxf2+ 30. Kh1 Rxe3 31. Rxc5 Qe6 32. Qg3 Rexf3 33. Qb8+
Kh7 34. Rg3 Qe1+ 0-1

[Event "AUTO-OPEN-3703"]
[Site "http://www.queenalice.com/game.php?id=1440691"]
[Date "2016.9.11"]
[Round "1"]
[White "Dummer"]
[Black "adriano1953"]
[Result "1-0"]
[WhiteElo "2229"]
[BlackElo "1998"]

1. e4 e5 2. f4 d5 3. exd5 exf4 4. Bc4 Qh4+ 5. Kf1 Bc5 6. d4 Bd6 7. Nf3 Qe7 8.
Kf2 Bg4 9. Re1 Be6 10. dxe6 f6 11. Nc3 Nh6 12. Nd5 Qd8 13. Nh4 f5 14. Qh5+ Kf8
15. Nxf5 Nc6 16. e7+ Nxe7 17. Ndxe7 Bxe7 18. Rxe7 a6 19. Rf7+ Ke8 20. Nxg7# 1-0

[Event "Challenge"]
[Site "http://www.queenalice.com/game.php?id=1449714"]
[Date "2016.11.13"]
[Round "-"]
[White "zugzwangskie"]
[Black "Dummer"]
[Result "0-1"]
[WhiteElo "2134"]
[BlackElo "2283"]

1. e4 e5 2. Nf3 f5 3. Nxe5 Qe7 4. Qh5+ g6 5. Nxg6 Qxe4+ 6. Be2 Nf6 7. Qh3 hxg6
8. Qxh8 Qxg2 9. Rf1 Kf7 10. d4 Nc6 11. c3 d5 12. Nd2 Be6 13. Nf3 Ne4 14. Qh4 f4
15. Qxf4+ Bf5 16. Qxc7+ Kg8 17. Qxb7 Rc8 18. Nh4 Qh3 19. Nxf5 Qxf5 20. Be3 Bd6
21. Bd3 Rc7 0-1

[Event "Challenge"]
[Site "http://www.queenalice.com/game.php?id=1449859"]
[Date "2016.11.13"]
[Round "-"]
[White "zugzwangkid"]
[Black "Dummer"]
[Result "1-0"]
[WhiteElo "1500"]
[BlackElo "2291"]

1. d4 d5 2. c4 e6 3. Nc3 Nf6 4. Bg5 Nbd7 5. cxd5 exd5 6. e3 c6 7. Bd3 Be7 8. Nf3
O-O 9. O-O h6 10. Bf4 Nh5 11. Be5 Nxe5 12. dxe5 g6 13. Qc2 1-0

[Event "AUTO-MASTER-2508"]
[Site "http://www.queenalice.com/game.php?id=1460112"]
[Date "2017.1.18"]
[Round "2"]
[White "kookaburra"]
[Black "Dummer"]
[Result "1-0"]
[WhiteElo "2260"]
[BlackElo "2258"]

1. d4 d5 2. Nf3 Nf6 3. c4 e6 4. Nc3 Nbd7 5. Bg5 c6 6. e3 Qa5 7. Nd2 dxc4 8. Bxf6
Nxf6 9. Nxc4 Qc7 10. Bd3 Be7 11. O-O O-O 12. Rc1 Rd8 13. Qe2 Bd7 14. Ne5 Be8 15.
f4 c5 16. Bb5 Bxb5 17. Nxb5 Qb6 18. f5 Rac8 19. fxe6 Qxe6 20. Nxa7 Ra8 21. Nb5
Rxa2 22. Rc2 Nd5 23. Rxf7 cxd4 24. exd4 Bf6 25. Rxb7 1-0

[Event "AUTO-MASTER-2508"]
[Site "http://www.queenalice.com/game.php?id=1460113"]
[Date "2017.1.18"]
[Round "2"]
[White "Dummer"]
[Black "kookaburra"]
[Result "0-1"]
[WhiteElo "2284"]
[BlackElo "2259"]

1. e4 e5 2. Nf3 Nc6 3. c3 Nf6 4. d4 d5 5. Bb5 Nxe4 6. Nxe5 Bd7 7. Nxd7 Qxd7 8.
O-O Be7 9. Nd2 O-O 10. Nxe4 dxe4 11. Re1 a6 12. Ba4 b5 13. Bb3 Na5 14. Rxe4 Nxb3
15. axb3 Rfd8 16. Qe2 Bd6 17. b4 Re8 18. Rxa6 Rab8 19. Qf3 Re6 20. Rxe6 Qxe6 21.
Qe3 Bxh2+ 22. Kxh2 Qxa6 23. Qg3 Rc8 0-1

[Event "AUTO-MASTER-2508"]
[Site "http://www.queenalice.com/game.php?id=1460114"]
[Date "2017.1.18"]
[Round "2"]
[White "FunChess"]
[Black "Dummer"]
[Result "0-1"]
[WhiteElo "2338"]
[BlackElo "2291"]

1. e4 e5 2. d4 exd4 3. c3 dxc3 4. Bc4 cxb2 5. Bxb2 Bb4+ 6. Nd2 Nf6 7. Bxf7+ Kxf7
8. Qb3+ d5 9. Qxb4 dxe4 10. O-O-O Nc6 11. Qb3+ Be6 12. Qxb7 Qd5 13. Nb3 Qc4+ 14.
Kb1 Nb4 15. Rd4 Qc2+ 16. Ka1 Rhb8 17. Rxb4 Rxb7 18. Rxb7 Bxb3 19. axb3 Qc6 20.
Rb4 Qa6+ 0-1

[Event "AUTO-MASTER-2508"]
[Site "http://www.queenalice.com/game.php?id=1460115"]
[Date "2017.1.18"]
[Round "2"]
[White "Dummer"]
[Black "FunChess"]
[Result "0-1"]
[WhiteElo "2311"]
[BlackElo "2319"]

1. e4 c5 2. b4 cxb4 3. d4 e6 4. a3 d5 5. e5 Qc7 6. Bd3 Nc6 7. Ne2 Nge7 8. Qd2
Ng6 9. h4 Bd7 10. h5 Ngxe5 11. dxe5 Qxe5 12. c3 bxc3 13. Nxc3 Be7 14. Bb2 O-O
15. h6 g6 16. Ne4 d4 17. O-O Rfd8 18. f4 Qh5 19. Nxd4 Nxd4 20. Bxd4 Bc6 21. Nf6+
Bxf6 22. Bxf6 Qc5+ 0-1

[Event "AUTO-OPEN-3703"]
[Site "http://www.queenalice.com/game.php?id=1464024"]
[Date "2017.2.11"]
[Round "2"]
[White "Dummer"]
[Black "StenioVS"]
[Result "0-1"]
[WhiteElo "2246"]
[BlackElo "2253"]

1. e4 c5 2. b4 e6 3. bxc5 Bxc5 4. d4 Be7 5. Bd3 Nf6 6. e5 Nd5 7. c4 Nb6 8. Nf3
d6 9. exd6 Bf6 10. c5 Nd5 11. Nbd2 O-O 12. O-O b6 13. Ne4 bxc5 14. Nxf6+ Nxf6
15. dxc5 Bd7 16. Bb2 Nc6 17. Qc2 Nb4 18. Bxh7+ Nxh7 19. Qc3 Nf6 0-1

[Event "AUTO-OPEN-3703"]
[Site "http://www.queenalice.com/game.php?id=1464025"]
[Date "2017.2.11"]
[Round "2"]
[White "StenioVS"]
[Black "Dummer"]
[Result "1-0"]
[WhiteElo "2248"]
[BlackElo "2271"]

1. d4 f5 2. Bg5 h6 3. Bh4 g5 4. e4 Bg7 5. Bg3 fxe4 6. Qh5+ Kf8 7. Bc4 d5 8. Bb3
Bxd4 9. c3 Bg7 10. Na3 Nf6 11. Qe2 c6 12. O-O-O Bf5 13. f3 Nbd7 14. h4 g4 15.
fxe4 Nxe4 16. Bf2 Qa5 17. Bd4 1-0

[Event "AUTO-OPEN-3703"]
[Site "http://www.queenalice.com/game.php?id=1464026"]
[Date "2017.2.11"]
[Round "2"]
[White "Dummer"]
[Black "pedrolopez"]
[Result "0-1"]
[WhiteElo "2317"]
[BlackElo "2519"]

1. e4 d5 2. exd5 Nf6 3. c4 e6 4. dxe6 Bxe6 5. d4 Bb4+ 6. Bd2 Qe7 7. Be2 Nc6 8.
d5 O-O-O 9. dxc6 Ne4 10. cxb7+ Kb8 11. Nc3 Rxd2 0-1

[Event "AUTO-OPEN-3703"]
[Site "http://www.queenalice.com/game.php?id=1464027"]
[Date "2017.2.11"]
[Round "2"]
[White "pedrolopez"]
[Black "Dummer"]
[Result "1-0"]
[WhiteElo "2525"]
[BlackElo "2207"]

1. d4 c5 2. d5 f5 3. e4 fxe4 4. Nc3 Nf6 5. g4 h6 6. h3 d6 7. Nge2 Nbd7 8. Bg2
Nb6 9. O-O g5 10. Nxe4 Nbxd5 11. c4 Nc7 12. Nxf6+ 1-0